Statistics for Defensive Tackle prospects of the 2024 NFL Draft

Click here to take the quiz!

General Stats

  • This quiz has been taken 12 times
  • The average score is 27 of 43

Answer Stats

PositionCollegeName% Correct
DTTexasByron Murphy II
100%
DTIllinoisJer'Zhan Newton
100%
DTMichiganKris Jenkins
100%
DTLSUMaason Smith
100%
DTNorth CarolinaMyles Murphy
100%
DTBaylorGabe Hall
89%
DTMiami (FL)Leonard Taylor III
89%
DTOhio St.Michael Hall Jr.
89%
DTClemsonRuke Orhorhoro
89%
DTTexasT'Vondre Sweat
89%
DTIndianaAndre Carter
78%
DTFlorida St.Braden Fiske
78%
DTDukeDeWayne Carter
78%
DTAlabamaJustin Eboigbe
78%
DTOregonBrandon Dorlus
67%
DTNorthern IowaKhristian Boyd
67%
DTTexas A&MMcKinley Jackson
67%
DTLSUMekhi Wingo
67%
DTClemsonTyler Davis
67%
DTFAUEvan Anderson
56%
DTFlorida St.Fabien Lovett
56%
DTLSUJordan Jefferson
56%
DTCincinnatiJowon Briggs
56%
DTIowaLogan Lee
56%
DTUTSABrandon Matterson
44%
DTOregonCasey Rogers
44%
DTSMUElijah Chatman
44%
DTUtah St.Hale Motu'apuaka
44%
DTMississippi St.Jaden Crumedy
44%
DTOklahomaJordan Laulu
44%
DTSMUJordan Miller
44%
DTToledoJudge Culpepper
44%
DTAuburnJustin Rogers
44%
DTIllinoisKeith Randolph Jr.
44%
DTMinnesotaKyler Baugh
44%
DTUSCKyon Barra
44%
DTTexas A&M CCLevi Drake Rodriguez
44%
DTAuburnMarcus Harris
44%
DTMississippi St.Nathan Pickering
44%
DTVirginia TechPheldarius Payne
44%
DTOregonTaki Taimani
44%
DTWashingtonTuli Letuligasenoa
44%
DTGeorgiaZion Logue
44%

Score Distribution

Percentile by Number Answered

Percent of People with Each Score

Your Score History

You have not taken this quiz